00540nam a2200181Ia 4500008004100000020001700041082001300058100002600071245003900097250000600136260004000142300001700182500002400199650001800223942000700241952009300248999001700341230524s9999 xx 000 0 und d a978817378625 a330bBHA aErach Bharucha942424 0aText Book of Environmental Studies a1 aNew DelhibUniversities Pressc2016 a"XVII,299p;" aQuantity Number: 1 aEnvironmental cBK 00104070aTATCLbTATCLcGENd2023-05-24l0o330 BHAp53972r2023-05-24w2023-05-24yBK c56710d56710